| 000 | 01010cab a2200313 4500 | ||
|---|---|---|---|
| 001 | ABS47483 | ||
| 008 | 090401t1992 xxu||||| |||| 00| 0 eng d | ||
| 035 | _a(Sirsi) u62189 | ||
| 041 | _aeng | ||
| 100 | _aBoston, C. | ||
| 245 | _aIt`s not too late to get it right | ||
| 260 | _c1992 | ||
| 350 | _a0 | ||
| 490 |
_aEstates Gazette _v(9244) 7 November 1992, 135-139(2) |
||
| 520 | _aTraces the history of Leasehold Reform from the Leasehold Reform Act 1967 to the present day including the proposals included in the Housing and Urban Development Bill. | ||
| 650 | _a£ | ||
| 650 | _aCROWN EXEMPTION | ||
| 650 | _aFREHOLD | ||
| 650 | _aGROUND RENTS | ||
| 650 | _aHOUSING AND URBAN DEVELOPMENT BILL | ||
| 650 | _aLANDS TRIBUNALS | ||
| 650 | _aLEASEHOLD REFORM ACT 1967 | ||
| 650 | _aLLOYD JONES V CHURCH COMMISSIONERS | ||
| 650 | _aMARRIAGE VALUE | ||
| 650 | _aNORFOLK V TRINITY COLLEGE CAMBRIDGE | ||
| 690 | _aLANDLORD AND TENANT-LEASEHOLD REFORM | ||
| 942 | _n0 | ||
| 948 | _c04/03/1997 | ||
| 999 |
_c38637 _d38637 |
||